| 000 | 01648nam a2200265 a 4500 | ||
|---|---|---|---|
| 008 | 120416s2000 ||||||||||||||||| || u | ||
| 020 | _a0521598869 | ||
| 020 | _a9780521598866 | ||
| 050 | _aQA 913 Pop | ||
| 100 | _aPope, Stephen B | ||
| 245 | 1 | 0 |
_aTurbulent flows _cBy Stephen B. Pope |
| 260 |
_aCambridge _bCambridge University Press _c2000 |
||
| 300 | _axxxiv, 771 pages : illustrated | ||
| 350 | _a81.99 | ||
| 500 | _aIncludes bibliographical references (p. 727-748) and indexes. | ||
| 650 | _aTURBULENCE | ||
| 856 | _uhttp://www.loc.gov/catdir/description/cam0210/99044583.html | ||
| 856 | _uhttp://www.loc.gov/catdir/toc/cam028/99044583.html | ||
| 995 |
_aMAIN LIBRARY OPEN ACCESS _D66.86 _e749837 _FCBU-MAIN LIBRARY (Kitwe) _I0.00 _jQA 913 Pop _M3 _UAVAILABLE _WAug 27, 2019 _y749837 _ZMain Library Open Access Collection |
||
| 995 |
_aMAIN LIBRARY OPEN ACCESS _D66.86 _e749836 _FCBU-MAIN LIBRARY (Kitwe) _I0.00 _jQA 913 Pop _M2 _UAVAILABLE _WAug 27, 2019 _y749836 _ZMain Library Open Access Collection |
||
| 995 |
_aMAIN LIBRARY OPEN ACCESS _D66.86 _e749838 _FCBU-MAIN LIBRARY (Kitwe) _I0.00 _jQA 913 Pop _M4 _UAVAILABLE _WAug 27, 2019 _y749838 _ZMain Library Open Access Collection |
||
| 995 |
_aANNEX COLLECTION (Main Library) _D0.00 _e734000 _FCBU-MAIN LIBRARY (Kitwe) _H1 _I23.99 _jQA 913 Pop _UAVAILABLE _y45953 _ZAnnex Low-Usage Collection |
||
| 995 |
_aSHORT LOAN BOOKS _e750065 _FCBU-MAIN LIBRARY (Kitwe) _I81.99 _jQA 913 Pop _M6 _UAVAILABLE _WNov 27, 2019 _y750065 _ZShort Loan Collection |
||
| 995 |
_aMAIN LIBRARY OPEN ACCESS _D66.86 _e749839 _FCBU-MAIN LIBRARY (Kitwe) _I0.00 _jQA 913 Pop _M5 _UAVAILABLE _WAug 27, 2019 _y749839 _ZMain Library Open Access Collection |
||
| 999 |
_c81452 _d81452 |
||